000 00381nam a22001577a 4500
003 MPLRDC
005 20220104164022.0
008 210129b ||||| |||| 00| 0 eng d
082 _a719.386 AAM
100 _aDINERS CLUB INTERNATIONAL
245 _aAAM TRAVELGUIDE '92
_c
260 _a
_bDINERS CLUB INTERNATIONAL
_c
300 _b
650 _a
942 _cBK
_o719.386 AAM
999 _c56753
_d56743